banner-ar

شرح ديوان امرى القيس: ويلية اخبار المراقسة و اشعارهم و اخبار النوابغ و اثارهم فى الجاهلية وصدر الاسلام / (Record no. 35086)

MARC details
000 -الفاتح
حقل البيانات ثابتة الطول 00880nam a2200217Ia 4500
008 - عناصر البيانات ثابتة الطول - معلومات عامة
حقل البيانات ثابتة الطول 140319s9999 xx 000 0 ara d
040 ## - مصدر الفهرسة
وكالة الفهرسة الأصلية GCL /
وكالة النسخ GCL
082 04 - رقم تصنيف ديوى العشرى
رقم التصنيف 811.1
رقم المادة ا ش
100 1# - المدخل الرئيسى - إسم شخصى
الإسم الشخصى اسامة صلاح الدين منمينة
245 10 - بيان العنوان
العنوان شرح ديوان امرى القيس: ويلية اخبار المراقسة و اشعارهم و اخبار النوابغ و اثارهم فى الجاهلية وصدر الاسلام /
بيان المسئوليه,etc اسامة صلاح الدين منمينة
700 1# - المدخل الاضافى - اسم شخصى
الإسم الشخصى حسن السندوبى (تجميع)
700 1# - المدخل الاضافى - اسم شخصى
الإسم الشخصى امرؤ القيس، امرؤ القيس بن حجر، 479-545م
260 ## - PUBLICATION, DISTRIBUTION, ETC. (IMPRINT)
تاريخ النشر أو التوزيع 1990
300 ## - الوصف المادى
التعداد 478 ص
490 ## - بيان السلسلة
عنوان السلسلة
650 04 - المدخل الاضافى بالموضوع-مصطلح موضوعى
مصطلح موضوعي الشعر العربى
650 04 - المدخل الاضافى بالموضوع-مصطلح موضوعى
مصطلح موضوعي الادب العربى
650 04 - المدخل الاضافى بالموضوع-مصطلح موضوعى
مصطلح موضوعي دواوين وقصائد
942 ## - عناصر المدخل الإضافي( كوها)
مصدر التصنيف او مخطط الترفيف Dewey Decimal Classification
Koha [default] item type كتاب
260 ## - PUBLICATION, DISTRIBUTION, ETC. (IMPRINT)
-- [S.N] :
-- دار احياء العلوم ،
Holdings
حالة التراجع حالة الفقد حالة تلف ليس للاعارة المكان المؤقت الموقع الحالى تاريخ الاكتساب اجمالي اﻻعارات رقم الطلب الباركود تاريخ اخر مشاهدة تاريخ تفعيل السعر نوع وعاء كوها
        مكتبة القاهرة الكبرى مكتبة القاهرة الكبرى 03/26/2014   811.1\ا ش 85253 03/26/2014 03/26/2014 كتاب

Powered By

EGPV